Исследование вопроса влияния ускорения УРОВ на динамическую устойчивость генераторов ЭЭС; Информационные технологии, энергетика и экономика; Т. 1

書誌詳細
Parent link:Информационные технологии, энергетика и экономика: электроэнергетика, электротехника и теплоэнергетика, математическое моделирование и информационные технологии в производстве
Т. 1.— 2016.— [С. 42-46]
第一著者: Митрофаненко А. Ю.
その他の著者: Абеуов Р. Б. Ренат Болтабаевич (научный руководитель)
要約:Заглавие с экрана
言語:ロシア語
出版事項: 2016
主題:
オンライン・アクセス:http://sbmpei.ru/file/upload/XIII_Part1.pdf#page=43
フォーマット: 電子媒体 図書の章
KOHA link:https://koha.lib.tpu.ru/cgi-bin/koha/opac-detail.pl?biblionumber=648498

MARC

LEADER 00000naa0a2200000 4500
001 648498
005 20250905160456.0
035 |a (RuTPU)RU\TPU\network\13657 
090 |a 648498 
100 |a 20160523d2016 k y0rusy50 ca 
101 0 |a rus 
102 |a RU 
135 |a drcn ---uucaa 
181 0 |a i  
182 0 |a b 
200 1 |a Исследование вопроса влияния ускорения УРОВ на динамическую устойчивость генераторов ЭЭС  |f А. Ю. Митрофаненко  |g науч. рук. Р. Б. Абеуов 
203 |a Текст  |c электронный 
300 |a Заглавие с экрана 
320 |a [Библиогр.: с. 46 (2 назв.)] 
461 |t Информационные технологии, энергетика и экономика  |o электроэнергетика, электротехника и теплоэнергетика, математическое моделирование и информационные технологии в производстве  |o сборник трудов XIII Международной научно-технической конференции студентов и аспирантов, 14 - 15 апреля 2016 г., Смоленск  |o в 3 т. 
463 |t Т. 1  |v [С. 42-46]  |d 2016 
610 1 |a электронный ресурс 
610 1 |a труды учёных ТПУ 
610 1 |a генераторы 
610 1 |a динамическая устойчивость 
610 1 |a энергосистемы 
700 1 |a Митрофаненко  |b А. Ю. 
702 1 |a Абеуов  |b Р. Б.  |c специалист в области электроэнергетики  |c доцент Томского политехнического университета, кандидат технических наук  |f 1979-  |g Ренат Болтабаевич  |3 (RuTPU)RU\TPU\pers\27227  |4 727  |9 12691 
801 2 |a RU  |b 63413507  |c 20160523  |g RCR 
856 4 |u http://sbmpei.ru/file/upload/XIII_Part1.pdf#page=43 
942 |c CF